Normal view
MARC view
Entry Personal Name
001 - CONTROL NUMBER
- control field: 9041
003 - CONTROL NUMBER IDENTIFIER
- control field: OSt
005 - DATE AND TIME OF LATEST TRANSACTION
- control field: 20211105133050.0
008 - FIXED-LENGTH DATA ELEMENTS
- fixed length control field: 211105|| aca||aabn | a|a d
040 ## - CATALOGING SOURCE
- Original cataloging agency: OSt
- Transcribing agency: OSt
100 ## - HEADING--PERSONAL NAME
- Personal name: Field, George B., ed
670 ## - SOURCE DATA FOUND
- Source citation: Work cat.: (OSt): Symposium Honoring Fred Lawrence Whipple on His Retirement New York 1973 Oct. 17-19 9037, The dusty universe, 1975